| 000 | 00457nam a2200169 a 4500 | ||
|---|---|---|---|
| 020 | _a222568992X : | ||
| 040 | _cDLC | ||
| 082 | 0 | 0 | _a333 MAS 1981 A019 Or. |
| 100 | 1 | _aRamade, François. | |
| 245 | 1 | 0 | _aÉcologie des ressources naturelles / |
| 260 |
_aParis ; _aNew York : _bMasson, _c1981. |
||
| 300 |
_ax, 322 p., 25 p. of plates : _bill. ; _c24 cm. |
||
| 500 | _aIncludes indexes. | ||
| 650 | 0 | _aEcology. | |
| 650 | 0 | _aNatural resources. | |
| 942 | _cEK | ||
| 999 |
_c12352 _d12352 |
||